El hostal, la fonda, la taberna y el café en la vida barcelonesa (Record no. 183270)
[ view plain ]
| 000 -LEADER | |
|---|---|
| campo de control de longitud fija | 00971nam a22002291i 4500 |
| 001 - NÚMERO DE CONTROL | |
| campo de control | 183270 |
| 003 - IDENTIFICADOR DE NÚMERO DE CONTROL | |
| campo de control | ES-MaACL |
| 005 - FECHA Y HORA DE LA ÚLTIMA TRANSACCIÓN | |
| campo de control | 20230906221842.0 |
| 008 - DATOS DE LONGITUD FIJA--INFORMACIÓN GENERAL | |
| campo de control de longitud fija | 140204s1945 sp |||| | spa d |
| 080 ## - NÚMERO DE LA CLASIFICACIÓN DECIMAL UNIVERSAL | |
| Número de la Clasificación Decimal Universal | 64.024(460.235 B.)(09) |
| 100 1# - ENTRADA PRINCIPAL--NOMBRE DE PERSONA | |
| Nombre de persona | Almerich, Lluis. |
| 9 (RLIN) | 20148 |
| 245 13 - MENCIÓN DEL TÍTULO | |
| Título | El hostal, la fonda, la taberna y el café en la vida barcelonesa |
| Resto del título | : descripción histórica / |
| Mención de responsabilidad, etc. | por Luis Almerich (Clovis Eimeric) (seud.) ; obra ilustrada con la reproducción de numerosos documentos gráficos y con dibujos de J. Mur y J. Guivernau transcritos de azulejos... |
| 260 ## - PUBLICACIÓN, DISTRIBUCIÓN, ETC. | |
| Lugar de publicación, distribución, etc. | Barcelona : |
| Nombre del editor, distribuidor, etc. | Librería Millá, |
| Fecha de publicación, distribución, etc. | 1945. |
| 300 ## - DESCRIPCIÓN FÍSICA | |
| Extensión | 91 p.,[12 h. de lám] : |
| Otras características físicas | il. ; |
| Dimensiones | 21 cm. |
| 490 1# - MENCIÓN DE SERIE | |
| Mención de serie | Monografías históricas de Barcelona ; |
| Designación de volumen o secuencia | 3 |
| 650 #4 - PUNTO DE ACCESO ADICIONAL DE MATERIA--TÉRMINO DE MATERIA | |
| Término de materia o nombre geográfico como elemento de entrada | Hostelería- |
| Subdivisión geográfica | Barcelona. |
| 9 (RLIN) | 154373 |
| 700 1# - ENTRADA AGREGADA--NOMBRE PERSONAL | |
| Nombre de persona | Mur, J. |
| 9 (RLIN) | 154370 |
| 700 1# - ENTRADA AGREGADA--NOMBRE PERSONAL | |
| Nombre de persona | Guivernau, J. |
| 9 (RLIN) | 154372 |
| 830 0# - PUNTO DE ACCESO ADICIONAL DE SERIE-TÍTULO UNIFORME | |
| Título uniforme | Monografías históricas de Barcelona ; |
| Designación de volumen o secuencia | 3 |
| 9 (RLIN) | 191895 |
| 852 ## - LOCALIZACIÓN | |
| Ubicación | ES-MaACL |
| Número de control de estantería | E-4175 |
| Estatus retirado | Estado de pérdida | Estado de daño | No para préstamo | Biblioteca de origen | Biblioteca actual | Ubicación en estantería | Fecha de adquisición | Fuente de adquisición | Total de préstamos | Signatura topográfica completa | Código de barras | Visto por última vez | Precio de reemplazo | Tipo de ítem Koha |
|---|---|---|---|---|---|---|---|---|---|---|---|---|---|---|
| Biblioteca del Ateneo de Madrid | Biblioteca del Ateneo de Madrid | Depósito 2 | 04/02/2014 | E-4175 | 1192616 | 23/02/2023 | 23/02/2023 | Libro impreso |
